[Event "DEM U12w 2022"]
[Site "Willingen GER"]
[Date "2022.06.07"]
[Round "4"]
[White "Vasylenko, Nadeja"]
[Black "Neininger, Sarah"]
[Result "1/2-1/2"]
[Termination "normal"]
[Board "9"]
[WhiteElo "1305"]
[BlackElo "1429"]
[WhiteClock "00:33:40"]
[BlackClock "00:28:03"]
[PlyCount "106"]
[WhiteFideId "34161457"]
[BlackFideId "16287410"]
[EventCountry "GER"]
[EventRounds "9"]
[EventType "swiss"]
[EventDate "2022.06.04"]

1. e4 {[%clk 01:30:59]} c5 {[%clk 01:30:52]} {[%emt 00:00:08]} 2. d4 {[%clk
01:31:26]} {[%emt 00:00:04]} cxd4 {[%clk 01:30:48]} {[%emt 00:00:33]} 3. c3
{[%clk 01:31:51]} {[%emt 00:00:05]} Nf6 {[%clk 01:30:38]} {[%emt 00:00:40]} 4.
e5 {[%clk 01:32:15]} {[%emt 00:00:06]} Nd5 {[%clk 01:30:55]} {[%emt 00:00:13]}
5. cxd4 {[%clk 01:32:38]} {[%emt 00:00:08]} e6 {[%clk 01:31:10]} {[%emt
00:00:15]} 6. Ne2 {[%clk 01:31:49]} {[%emt 00:01:18]} d6 {[%clk 01:30:52]}
{[%emt 00:00:47]} 7. f4 {[%clk 01:31:49]} {[%emt 00:00:31]} Bd7 {[%clk
01:28:57]} {[%emt 00:02:25]} 8. Nbc3 {[%clk 01:25:48]} {[%emt 00:06:31]} Bc6
{[%clk 01:20:50]} {[%emt 00:08:36]} 9. Ng3 {[%clk 01:20:32]} {[%emt 00:05:48]}
Nd7 {[%clk 01:11:09]} {[%emt 00:10:11]} 10. Nce4 {[%clk 01:19:53]} {[%emt
00:01:09]} dxe5 {[%clk 01:07:47]} {[%emt 00:03:51]} 11. fxe5 {[%clk 01:14:36]}
{[%emt 00:05:48]} Bb4+ {[%clk 00:59:59]} {[%emt 00:08:17]} 12. Bd2 {[%clk
01:10:19]} {[%emt 00:04:47]} Ne3 {[%emt 00:39:44]} 13. Nd6+ {[%clk 00:48:01]}
{[%emt 00:04:22]} Bxd6 {[%clk 00:39:15]} {[%emt 00:00:26]} 14. Bxe3 {[%clk
00:48:18]} {[%emt 00:00:13]} Bb4+ {[%clk 00:32:46]} {[%emt 00:06:59]} 15. Kf2
{[%clk 00:44:16]} {[%emt 00:04:32]} O-O {[%clk 00:25:18]} {[%emt 00:07:57]} 16.
Qb3 {[%clk 00:37:02]} {[%emt 00:07:45]} Be7 {[%clk 00:22:50]} {[%emt 00:02:53]}
17. Be2 {[%clk 00:35:40]} {[%emt 00:01:57]} Bd5 {[%clk 00:18:19]} {[%emt
00:05:01]} 18. Bc4 {[%clk 00:30:34]} {[%emt 00:05:37]} Nb6 {[%clk 00:13:37]}
{[%emt 00:05:12]} 19. Bxd5 {[%clk 00:30:38]} {[%emt 00:00:26]} Nxd5 {[%clk
00:12:47]} {[%emt 00:01:19]} 20. Rhf1 {[%clk 00:28:53]} {[%emt 00:02:15]} Nxe3
{[%clk 00:12:11]} {[%emt 00:01:06]} 21. Kxe3 {[%emt 00:05:11]} Bg5+ {[%clk
00:11:57]} {[%emt 00:00:42]} 22. Kd3 {[%clk 00:22:11]} {[%emt 00:02:28]} b6
{[%clk 00:11:37]} {[%emt 00:00:56]} 23. Ne4 {[%clk 00:22:11]} {[%emt 00:00:28]}
Be7 {[%clk 00:11:53]} {[%emt 00:00:15]} 24. Rad1 {[%clk 00:21:48]} {[%emt
00:00:54]} Qd7 {[%clk 00:09:57]} {[%emt 00:02:23]} 25. Ke2 {[%clk 00:16:21]}
{[%emt 00:05:59]} Rad8 {[%clk 00:09:05]} {[%emt 00:01:22]} 26. Kf2 {[%clk
00:10:52]} {[%emt 00:05:55]} Qd5 {[%clk 00:08:29]} {[%emt 00:01:10]} 27. Qxd5
{[%clk 00:10:20]} {[%emt 00:01:02]} Rxd5 {[%clk 00:08:56]} {[%emt 00:00:02]}
28. Nc3 {[%clk 00:09:45]} {[%emt 00:01:05]} Rd7 {[%clk 00:08:56]} {[%emt
00:00:21]} 29. g3 {[%clk 00:09:19]} {[%emt 00:01:05]} Rfd8 {[%clk 00:09:07]}
{[%emt 00:00:20]} 30. Ne2 {[%clk 00:09:27]} {[%emt 00:00:21]} h6 {[%clk
00:08:50]} {[%emt 00:00:48]} 31. h4 {[%clk 00:09:46]} {[%emt 00:00:10]} Kh7
{[%clk 00:08:39]} {[%emt 00:00:42]} 32. Ke3 {[%clk 00:09:46]} {[%emt 00:00:30]}
Rf8 {[%clk 00:08:33]} {[%emt 00:00:36]} 33. Rf3 {[%clk 00:08:43]} {[%emt
00:01:33]} f6 {[%clk 00:07:43]} {[%emt 00:01:19]} 34. Rc1 {[%clk 00:07:20]}
{[%emt 00:01:54]} fxe5 {[%clk 00:06:38]} {[%emt 00:01:35]} 35. dxe5 {[%clk
00:07:06]} {[%emt 00:00:42]} Bc5+ {[%clk 00:06:49]} {[%emt 00:00:21]} 36. Ke4
{[%clk 00:06:07]} {[%emt 00:01:26]} Rxf3 {[%clk 00:07:06]} {[%emt 00:00:16]}
37. Kxf3 {[%clk 00:06:32]} {[%emt 00:00:05]} Rd3+ {[%clk 00:07:13]} {[%emt
00:00:21]} 38. Kf4 {[%clk 00:02:59]} {[%emt 00:04:05]} Be3+ {[%clk 00:07:31]}
{[%emt 00:00:12]} 39. Ke4 {[%clk 00:03:25]} {[%emt 00:00:04]} Bxc1 {[%clk
00:07:25]} {[%emt 00:00:36]} 40. Kxd3 {[%clk 00:03:51]} {[%emt 00:00:05]} Bxb2
{[%clk 00:07:40]} {[%emt 00:00:15]} 41. Ke4 {[%clk 00:04:14]} {[%emt 00:00:06]}
g5 {[%clk 00:06:31]} {[%emt 00:01:39]} 42. hxg5 {[%clk 00:04:29]} {[%emt
00:00:15]} hxg5 {[%clk 00:06:52]} {[%emt 00:00:10]} 43. g4 {[%clk 00:04:54]}
{[%emt 00:00:05]} Kg7 {[%clk 00:06:07]} {[%emt 00:01:14]} 44. Ng1 {[%clk
00:04:45]} {[%emt 00:00:39]} Kf7 {[%clk 00:05:29]} {[%emt 00:01:08]} 45. Nf3
{[%clk 00:05:07]} {[%emt 00:00:07]} Bc1 {[%clk 00:05:54]} {[%emt 00:00:06]} 46.
Kd4 {[%clk 00:05:20]} {[%emt 00:00:16]} Ke7 {[%clk 00:05:53]} {[%emt 00:00:32]}
47. Kc4 {[%clk 00:05:11]} {[%emt 00:00:40]} a6 {[%clk 00:06:05]} {[%emt
00:00:18]} 48. a4 {[%clk 00:05:13]} {[%emt 00:00:28]} Kd7 {[%clk 00:05:56]}
{[%emt 00:00:38]} 49. Nd4 {[%clk 00:05:09]} {[%emt 00:00:33]} Bf4 {[%clk
00:04:23]} {[%emt 00:02:03]} 50. Nf3 {[%clk 00:05:18]} {[%emt 00:00:21]} Kc7
{[%clk 00:04:05]} {[%emt 00:00:48]} 51. Nd4 {[%clk 00:04:11]} {[%emt 00:01:38]}
Kd7 {[%clk 00:29:34]} {[%emt 00:04:59]} 52. Nf3 {[%clk 00:33:46]} {[%emt
00:00:57]} Be3 {[%clk 00:29:25]} {[%emt 00:00:36]} 53. Kd3 {[%clk 00:33:40]}
{[%emt 00:00:39]} Bf4 {[%clk 00:28:03]} {[%emt 00:01:51]} 1/2-1/2

[Event "DEM U12w 2022"]
[Site "Willingen GER"]
[Date "2022.06.07"]
[Round "4"]
[White "Wagner, Cosima"]
[Black "Zhou, Jenny"]
[Result "1-0"]
[Termination "normal"]
[Board "10"]
[WhiteElo "1362"]
[BlackElo "1272"]
[WhiteClock "00:23:27"]
[BlackClock "01:10:59"]
[PlyCount "179"]
[WhiteFideId "34603484"]
[BlackFideId "16280229"]
[EventCountry "GER"]
[EventRounds "9"]
[EventType "swiss"]
[EventDate "2022.06.04"]

1. e4 {[%emt 00:00:02]} e5 {[%clk 01:30:53]} {[%emt 00:00:05]} 2. Bc4 {[%clk
01:31:25]} {[%emt 00:00:04]} Nf6 {[%clk 01:31:15]} {[%emt 00:00:08]} 3. Nf3
{[%clk 01:31:51]} {[%emt 00:00:05]} Nc6 {[%clk 01:31:37]} {[%emt 00:00:08]} 4.
Ng5 {[%clk 01:32:07]} {[%emt 00:00:13]} d5 {[%clk 01:31:58]} {[%emt 00:00:09]}
5. exd5 {[%clk 01:32:30]} {[%emt 00:00:07]} Na5 {[%clk 01:32:17]} {[%emt
00:00:12]} 6. Bb5+ {[%clk 01:32:04]} {[%emt 00:00:57]} c6 {[%clk 01:32:36]}
{[%emt 00:00:10]} 7. dxc6 {[%clk 01:32:25]} {[%emt 00:00:09]} bxc6 {[%clk
01:32:57]} {[%emt 00:00:08]} 8. Qf3 {[%clk 01:22:49]} {[%emt 00:10:07]} Rb8
{[%clk 01:32:45]} {[%emt 00:00:43]} 9. Bxc6+ {[%emt 00:02:08]} Nxc6 {[%clk
01:33:05]} {[%emt 00:00:08]} 10. Qxc6+ {[%clk 01:21:26]} {[%emt 00:00:17]} Bd7
{[%clk 01:33:16]} {[%emt 00:00:19]} 11. Qf3 {[%clk 01:18:18]} {[%emt 00:03:37]}
h6 {[%clk 01:27:29]} {[%emt 00:06:17]} 12. Ne4 {[%clk 01:14:47]} {[%emt
00:04:02]} Nxe4 {[%clk 01:26:50]} {[%emt 00:01:08]} 13. Qxe4 {[%clk 01:15:09]}
{[%emt 00:00:08]} Qf6 {[%clk 01:26:57]} {[%emt 00:00:23]} 14. d4 {[%clk
01:07:52]} {[%emt 00:07:48]} Bd6 {[%clk 01:13:38]} {[%emt 00:13:49]} 15. f4
{[%clk 01:00:53]} {[%emt 00:07:29]} Rb4 {[%clk 01:09:40]} {[%emt 00:04:28]} 16.
fxe5 {[%clk 00:55:41]} {[%emt 00:05:42]} Qe6 {[%clk 01:06:49]} {[%emt
00:03:19]} 17. O-O {[%clk 00:43:07]} {[%emt 00:13:05]} O-O {[%clk 01:06:34]}
{[%emt 00:00:45]} 18. a3 {[%clk 00:39:59]} {[%emt 00:03:39]} Rbb8 {[%clk
01:02:31]} {[%emt 00:04:32]} 19. Nc3 {[%clk 00:37:59]} {[%emt 00:02:31]} Bc7
{[%clk 00:57:21]} {[%emt 00:05:38]} 20. Rb1 {[%clk 00:32:23]} {[%emt 00:06:07]}
Rbd8 {[%clk 00:55:41]} {[%emt 00:02:08]} 21. Qd5 {[%emt 00:06:06]} Qg6 {[%clk
00:52:28]} {[%emt 00:03:40]} 22. Qe4 {[%clk 00:25:29]} {[%emt 00:01:53]} Qxe4
{[%clk 00:51:52]} {[%emt 00:01:06]} 23. Nxe4 {[%clk 00:25:53]} {[%emt
00:00:06]} Bc6 {[%clk 00:51:03]} {[%emt 00:01:18]} 24. Rf4 {[%clk 00:24:19]}
{[%emt 00:02:06]} Rfe8 {[%clk 00:46:17]} {[%emt 00:05:14]} 25. Ng3 {[%clk
00:20:23]} {[%emt 00:04:27]} Bb6 {[%clk 00:45:25]} {[%emt 00:01:21]} 26. c3
{[%clk 00:18:19]} {[%emt 00:02:36]} Rxe5 {[%clk 00:45:11]} {[%emt 00:00:43]}
27. Bd2 {[%clk 00:16:02]} {[%emt 00:02:48]} g5 {[%clk 00:42:51]} {[%emt
00:02:49]} 28. Rf5 {[%clk 00:15:33]} {[%emt 00:01:00]} Rxf5 {[%clk 00:42:43]}
{[%emt 00:00:37]} 29. Nxf5 {[%clk 00:15:57]} {[%emt 00:00:07]} Be4 {[%clk
00:41:51]} {[%emt 00:01:21]} 30. Nxh6+ {[%clk 00:13:59]} {[%emt 00:02:28]} Kg7
{[%clk 00:41:19]} {[%emt 00:01:00]} 31. Re1 {[%clk 00:13:47]} {[%emt 00:00:44]}
f5 {[%clk 00:40:54]} {[%emt 00:00:54]} 32. Bxg5 {[%clk 00:13:01]} {[%emt
00:01:17]} Rc8 {[%clk 00:38:02]} {[%emt 00:03:22]} 33. Ng4 {[%clk 00:09:53]}
{[%emt 00:03:39]} Kg6 {[%clk 00:37:20]} {[%emt 00:01:10]} 34. Bf4 {[%clk
00:09:05]} {[%emt 00:01:19]} fxg4 {[%clk 00:37:11]} {[%emt 00:00:38]} 35. Rxe4
{[%clk 00:08:50]} {[%emt 00:00:46]} Kf5 {[%clk 00:37:28]} {[%emt 00:00:11]} 36.
Re7 {[%clk 00:07:26]} {[%emt 00:01:56]} Kxf4 {[%clk 00:37:45]} {[%emt
00:00:13]} 37. g3+ {[%clk 00:06:36]} {[%emt 00:01:21]} Kf3 {[%clk 00:37:17]}
{[%emt 00:00:55]} 38. Rf7+ {[%clk 00:06:45]} {[%emt 00:00:24]} Ke4 {[%clk
00:37:12]} {[%emt 00:00:33]} 39. Rf4+ {[%clk 00:06:44]} {[%emt 00:00:32]} Ke3
{[%clk 00:37:26]} {[%emt 00:00:15]} 40. Rxg4 {[%clk 00:06:41]} {[%emt
00:00:33]} Kf3 {[%clk 00:37:46]} {[%emt 00:00:10]} 41. Rf4+ {[%clk 00:06:36]}
{[%emt 00:00:36]} Ke3 {[%clk 00:37:39]} {[%emt 00:00:37]} 42. Kg2 {[%clk
00:04:23]} {[%emt 00:02:43]} Kd3 {[%clk 00:37:28]} {[%emt 00:00:38]} 43. h4
{[%clk 00:03:27]} {[%emt 00:01:29]} Kc2 {[%clk 00:37:24]} {[%emt 00:00:33]} 44.
Rf2+ {[%clk 00:03:14]} {[%emt 00:00:44]} Kb3 {[%clk 00:37:40]} {[%emt
00:00:13]} 45. Kh3 {[%clk 00:03:06]} {[%emt 00:00:39]} Rg8 {[%clk 00:37:52]}
{[%emt 00:00:17]} 46. h5 {[%clk 00:01:56]} {[%emt 00:01:41]} Kc4 {[%clk
00:37:41]} {[%emt 00:00:40]} 47. g4 {[%clk 00:00:57]} {[%emt 00:01:30]} Bd8
{[%clk 00:37:04]} {[%emt 00:01:06]} 48. Rf7 {[%clk 00:30:28]} {[%emt 00:00:59]}
a5 {[%clk 01:06:56]} {[%emt 00:00:40]} 49. Rb7 {[%clk 00:28:29]} {[%emt
00:02:28]} Rf8 {[%clk 01:05:42]} {[%emt 00:01:41]} 50. Rb8 {[%clk 00:26:51]}
{[%emt 00:02:12]} Rf3+ {[%clk 01:05:57]} {[%emt 00:00:14]} 51. Kg2 {[%clk
00:26:25]} {[%emt 00:00:55]} Rf8 {[%clk 01:05:39]} {[%emt 00:00:48]} 52. h6
{[%clk 00:25:35]} {[%emt 00:01:22]} Rg8 {[%clk 01:04:52]} {[%emt 00:01:15]} 53.
Kh3 {[%clk 00:25:28]} {[%emt 00:00:38]} Kd5 {[%clk 01:04:46]} {[%emt 00:00:35]}
54. Rb5+ {[%emt 00:06:26]} Ke6 {[%clk 01:04:31]} {[%emt 00:00:15]} 55. Rf5
{[%clk 00:19:01]} {[%emt 00:01:32]} Rh8 {[%clk 01:04:11]} {[%emt 00:00:50]} 56.
Rh5 {[%clk 00:18:15]} {[%emt 00:01:17]} Kf7 {[%clk 01:04:28]} {[%emt 00:00:10]}
57. Kg3 {[%clk 00:17:49]} {[%emt 00:00:57]} Kg6 {[%clk 01:04:27]} {[%emt
00:00:30]} 58. Kf3 {[%clk 00:17:02]} {[%emt 00:01:19]} Bg5 {[%clk 01:04:26]}
{[%emt 00:00:29]} 59. h7 {[%clk 00:16:47]} {[%emt 00:00:47]} Rxh7 {[%clk
01:04:44]} {[%emt 00:00:12]} 60. Rxh7 {[%clk 00:17:13]} {[%emt 00:00:04]} Kxh7
{[%clk 01:05:08]} {[%emt 00:00:06]} 61. b3 {[%clk 00:15:29]} {[%emt 00:02:14]}
Bc1 {[%clk 01:04:54]} {[%emt 00:00:43]} 62. a4 {[%clk 00:14:55]} {[%emt
00:01:05]} Bb2 {[%clk 01:03:50]} {[%emt 00:01:34]} 63. c4 {[%clk 00:15:09]}
{[%emt 00:00:17]} Bxd4 {[%clk 01:02:01]} {[%emt 00:02:19]} 64. Ke4 {[%clk
00:15:15]} {[%emt 00:00:24]} Bc5 {[%clk 01:01:50]} {[%emt 00:00:40]} 65. Kd5
{[%clk 00:15:40]} {[%emt 00:00:05]} Bb4 {[%clk 01:02:11]} {[%emt 00:00:09]} 66.
c5 {[%clk 00:16:02]} {[%emt 00:00:09]} Bd2 {[%clk 01:01:51]} {[%emt 00:00:47]}
67. c6 {[%clk 00:16:13]} {[%emt 00:00:21]} Bf4 {[%clk 01:02:12]} {[%emt
00:00:09]} 68. Ke6 {[%clk 00:15:56]} {[%emt 00:00:47]} Kg6 {[%clk 01:02:22]}
{[%emt 00:00:20]} 69. Kd7 {[%clk 00:16:13]} {[%emt 00:00:13]} Kg5 {[%clk
01:02:33]} {[%emt 00:00:19]} 70. c7 {[%clk 00:16:40]} {[%emt 00:00:04]} Bxc7
{[%clk 01:03:00]} {[%emt 00:00:03]} 71. Kxc7 {[%clk 00:17:06]} {[%emt
00:00:03]} Kxg4 {[%clk 01:03:25]} {[%emt 00:00:05]} 72. Kb6 {[%clk 00:17:30]}
{[%emt 00:00:06]} Kf4 {[%clk 01:03:52]} {[%emt 00:00:04]} 73. Kxa5 {[%clk
00:17:55]} {[%emt 00:00:05]} Ke4 {[%clk 01:04:20]} {[%emt 00:00:02]} 74. Kb6
{[%clk 00:18:16]} {[%emt 00:00:09]} Kd4 {[%clk 01:04:41]} {[%emt 00:00:08]} 75.
b4 {[%clk 00:18:32]} {[%emt 00:00:15]} Kd5 {[%clk 01:05:03]} {[%emt 00:00:07]}
76. a5 {[%clk 00:18:55]} {[%emt 00:00:07]} Kd6 {[%clk 01:05:26]} {[%emt
00:00:07]} 77. a6 {[%clk 00:19:18]} {[%emt 00:00:08]} Kd7 {[%clk 01:05:52]}
{[%emt 00:00:03]} 78. a7 {[%clk 00:19:39]} {[%emt 00:00:09]} Kd6 {[%clk
01:06:19]} {[%emt 00:00:04]} 79. a8=Q {[%clk 00:19:59]} {[%emt 00:00:10]} Ke5
{[%clk 01:06:45]} {[%emt 00:00:04]} 80. Qd8 {[%clk 00:20:17]} {[%emt 00:00:11]}
Ke4 {[%clk 01:07:11]} {[%emt 00:00:04]} 81. Ka6 {[%clk 00:20:36]} {[%emt
00:00:11]} Ke3 {[%clk 01:07:37]} {[%emt 00:00:04]} 82. b5 {[%clk 00:21:01]}
{[%emt 00:00:06]} Ke2 {[%clk 01:08:04]} {[%emt 00:00:02]} 83. b6 {[%clk
00:21:26]} {[%emt 00:00:06]} Ke1 {[%clk 01:08:28]} {[%emt 00:00:05]} 84. b7
{[%clk 00:21:51]} {[%emt 00:00:04]} Ke2 {[%clk 01:08:54]} {[%emt 00:00:04]} 85.
b8=R {[%clk 00:22:12]} {[%emt 00:00:09]} Ke3 {[%clk 01:09:20]} {[%emt
00:00:04]} 86. Qd7 {[%clk 00:22:30]} {[%emt 00:00:13]} Kf3 {[%clk 01:09:43]}
{[%emt 00:00:07]} 87. Qe7 {[%clk 00:22:52]} {[%emt 00:00:07]} Kg3 {[%clk
01:10:07]} {[%emt 00:00:07]} 88. Qf7 {[%clk 00:23:11]} {[%emt 00:00:12]} Kh3
{[%clk 01:10:30]} {[%emt 00:00:06]} 89. Qg7 {[%clk 00:23:36]} {[%emt 00:00:05]}
Kh4 {[%clk 01:10:59]} {[%emt 00:00:01]} 90. Rh8# {[%clk 00:23:27]} {[%emt
00:00:08]} 1-0

[Event "DEM U12w 2022"]
[Site "Willingen GER"]
[Date "2022.06.07"]
[Round "4"]
[White "Vogt, Luna"]
[Black "Nalam, Mokshadha"]
[Result "1-0"]
[Termination "normal"]
[Board "11"]
[WhiteElo "1334"]
[BlackElo "1185"]
[WhiteClock "00:08:20"]
[BlackClock "01:14:06"]
[PlyCount "141"]
[WhiteFideId "34607153"]
[BlackFideId "34623566"]
[EventCountry "GER"]
[EventRounds "9"]
[EventType "swiss"]
[EventDate "2022.06.04"]

1. d4 {[%clk 01:30:59]} {[%emt 00:00:01]} d5 {[%clk 01:30:55]} {[%emt
00:00:05]} 2. c4 {[%clk 01:31:25]} {[%emt 00:00:03]} e6 {[%clk 01:31:20]}
{[%emt 00:00:06]} 3. Nf3 {[%clk 01:31:50]} {[%emt 00:00:06]} c6 {[%clk
01:31:43]} {[%emt 00:00:06]} 4. Nc3 {[%clk 01:31:49]} {[%emt 00:00:30]} dxc4
{[%clk 01:32:04]} {[%emt 00:00:10]} 5. a4 {[%clk 01:29:57]} {[%emt 00:02:22]}
Bb4 {[%clk 01:32:20]} {[%emt 00:00:14]} 6. e3 {[%clk 01:28:13]} {[%emt
00:02:14]} b5 {[%clk 01:32:37]} {[%emt 00:00:13]} 7. Bd2 {[%clk 01:27:12]}
{[%emt 00:01:31]} Bxc3 {[%clk 01:32:55]} {[%emt 00:00:11]} 8. Bxc3 {[%clk
01:27:26]} {[%emt 00:00:17]} Bb7 {[%clk 01:32:23]} {[%emt 00:01:02]} 9. axb5
{[%clk 01:26:46]} {[%emt 00:01:10]} cxb5 {[%clk 01:32:43]} {[%emt 00:00:10]}
10. b3 {[%clk 01:25:55]} {[%emt 00:01:21]} Bd5 {[%clk 01:31:07]} {[%emt
00:02:05]} 11. bxc4 {[%clk 01:25:21]} {[%emt 00:01:05]} Bxc4 {[%clk 01:29:57]}
{[%emt 00:01:40]} 12. Bxc4 {[%clk 01:25:11]} {[%emt 00:00:40]} bxc4 {[%clk
01:30:19]} {[%emt 00:00:08]} 13. Qa4+ {[%clk 01:24:59]} {[%emt 00:00:41]} Nd7
{[%clk 01:29:28]} {[%emt 00:01:22]} 14. Qxc4 {[%clk 01:23:38]} {[%emt
00:01:50]} Ngf6 {[%clk 01:28:18]} {[%emt 00:01:40]} 15. Bb4 {[%clk 01:18:03]}
{[%emt 00:06:06]} Nb6 {[%clk 01:23:04]} {[%emt 00:05:44]} 16. Qc6+ {[%clk
01:16:23]} {[%emt 00:02:07]} Qd7 {[%clk 01:17:05]} {[%emt 00:06:32]} 17. Qxd7+
{[%clk 01:16:12]} {[%emt 00:00:41]} Nfxd7 {[%clk 01:16:13]} {[%emt 00:01:22]}
18. O-O {[%clk 01:16:09]} {[%emt 00:00:33]} f6 {[%clk 01:15:57]} {[%emt
00:00:46]} 19. Rfc1 {[%clk 01:11:32]} {[%emt 00:05:06]} Rc8 {[%clk 01:14:04]}
{[%emt 00:02:24]} 20. Rxc8+ {[%clk 00:59:28]} {[%emt 00:12:34]} Nxc8 {[%clk
01:14:26]} {[%emt 00:00:08]} 21. Rc1 {[%clk 00:59:43]} {[%emt 00:00:14]} Kf7
{[%clk 01:14:26]} {[%emt 00:00:31]} 22. Rc7 {[%clk 00:59:14]} {[%emt 00:01:00]}
Rd8 {[%clk 01:14:37]} {[%emt 00:00:18]} 23. Ba5 {[%clk 00:57:49]} {[%emt
00:01:55]} Ke8 {[%clk 01:11:37]} {[%emt 00:03:30]} 24. Rc6 {[%clk 00:54:01]}
{[%emt 00:04:18]} Ncb6 {[%clk 01:09:29]} {[%emt 00:02:38]} 25. Rxe6+ {[%clk
00:53:54]} {[%emt 00:00:36]} Kf7 {[%clk 01:09:39]} {[%emt 00:00:20]} 26. Rc6
{[%clk 00:49:27]} {[%emt 00:04:57]} Rc8 {[%clk 01:08:18]} {[%emt 00:01:51]} 27.
Rxc8 {[%clk 00:49:11]} {[%emt 00:00:47]} Nxc8 {[%clk 01:08:43]} {[%emt
00:00:06]} 28. Kf1 {[%clk 00:49:19]} {[%emt 00:00:21]} f5 {[%clk 01:06:53]}
{[%emt 00:02:19]} 29. Ke2 {[%clk 00:48:54]} {[%emt 00:00:56]} Ke6 {[%clk
01:04:36]} {[%emt 00:02:47]} 30. Kd3 {[%clk 00:48:36]} {[%emt 00:00:48]} Kd5
{[%clk 01:04:52]} {[%emt 00:00:14]} 31. Nd2 {[%clk 00:47:42]} {[%emt 00:01:24]}
Ncb6 {[%clk 01:04:53]} {[%emt 00:00:28]} 32. f3 {[%clk 00:45:16]} {[%emt
00:02:57]} Nf6 {[%clk 01:04:06]} {[%emt 00:01:17]} 33. e4+ {[%clk 00:43:34]}
{[%emt 00:02:12]} Ke6 {[%clk 01:03:52]} {[%emt 00:00:44]} 34. d5+ {[%clk
00:36:16]} {[%emt 00:07:48]} Nfxd5 {[%clk 01:00:24]} {[%emt 00:03:58]} 35.
exd5+ {[%clk 00:36:10]} {[%emt 00:00:36]} Kxd5 {[%clk 01:00:51]} {[%emt
00:00:03]} 36. Bb4 {[%clk 00:33:46]} {[%emt 00:02:53]} g5 {[%clk 01:00:35]}
{[%emt 00:00:46]} 37. Nb3 {[%clk 00:30:05]} {[%emt 00:04:12]} h5 {[%clk
01:00:12]} {[%emt 00:00:53]} 38. Nd4 {[%clk 00:28:18]} {[%emt 00:02:17]} f4
{[%clk 00:59:39]} {[%emt 00:01:03]} 39. Be7 {[%clk 00:27:23]} {[%emt 00:01:25]}
g4 {[%clk 00:59:38]} {[%emt 00:00:31]} 40. Ne2 {[%clk 00:26:47]} {[%emt
00:01:06]} a5 {[%clk 00:58:43]} {[%emt 00:01:25]} 41. Nxf4+ {[%clk 00:25:45]}
{[%emt 00:01:32]} Ke5 {[%clk 00:58:59]} {[%emt 00:00:14]} 42. Nxh5 {[%clk
00:25:34]} {[%emt 00:00:41]} a4 {[%clk 00:59:25]} {[%emt 00:00:04]} 43. Ba3
{[%clk 00:24:19]} {[%emt 00:01:45]} gxf3 {[%clk 00:59:37]} {[%emt 00:00:17]}
44. gxf3 {[%clk 00:23:56]} {[%emt 00:00:54]} Kf5 {[%clk 00:59:59]} {[%emt
00:00:08]} 45. Bc5 {[%clk 00:20:26]} {[%emt 00:04:00]} Nd5 {[%clk 00:59:47]}
{[%emt 00:00:40]} 46. Bd4 {[%clk 00:17:46]} {[%emt 00:03:12]} a3 {[%clk
00:59:15]} {[%emt 00:01:02]} 47. Kc4 {[%clk 00:15:24]} {[%emt 00:02:52]} Nc7
{[%clk 00:56:24]} {[%emt 00:03:20]} 48. Kb3 {[%clk 00:11:50]} {[%emt 00:04:05]}
Kg5 {[%clk 00:56:28]} {[%emt 00:00:25]} 49. Be5 {[%clk 00:06:08]} {[%emt
00:06:13]} Nb5 {[%clk 00:54:40]} {[%emt 00:02:19]} 50. Nf4 {[%clk 00:05:05]}
{[%emt 00:01:32]} Kf5 {[%clk 00:53:17]} {[%emt 00:01:51]} 51. Nd3 {[%clk
00:04:39]} {[%emt 00:00:57]} Ke6 {[%clk 00:52:35]} {[%emt 00:01:12]} 52. f4
{[%clk 00:04:05]} {[%emt 00:01:04]} Kf5 {[%clk 00:52:50]} {[%emt 00:00:15]} 53.
Kb4 {[%clk 00:01:39]} {[%emt 00:02:56]} Na7 {[%clk 00:52:38]} {[%emt 00:00:42]}
54. Kxa3 {[%clk 00:01:02]} {[%emt 00:01:08]} Nc8 {[%clk 00:52:51]} {[%emt
00:00:16]} 55. Kb3 {[%clk 00:01:01]} {[%emt 00:00:32]} Ne7 {[%clk 00:53:15]}
{[%emt 00:00:05]} 56. Kc4 {[%clk 00:27:37]} {[%emt 00:03:54]} Kg4 {[%clk
01:23:31]} {[%emt 00:00:14]} 57. Nf2 {[%clk 00:22:39]} {[%emt 00:05:29]} Kf3
{[%clk 01:23:46]} {[%emt 00:00:14]} 58. Nd3 {[%clk 00:20:11]} {[%emt 00:02:58]}
Nf5 {[%clk 01:22:33]} {[%emt 00:01:43]} 59. Kd5 {[%clk 00:17:16]} {[%emt
00:03:25]} Ne3+ {[%clk 01:19:43]} {[%emt 00:03:20]} 60. Ke6 {[%clk 00:16:04]}
{[%emt 00:01:43]} Kg4 {[%clk 01:19:15]} {[%emt 00:00:57]} 61. Nf2+ {[%clk
00:12:47]} {[%emt 00:03:48]} Kh4 {[%clk 01:15:24]} {[%emt 00:04:20]} 62. Bd4
{[%clk 00:11:38]} {[%emt 00:01:39]} Nf1 {[%clk 01:14:34]} {[%emt 00:01:20]} 63.
f5 {[%clk 00:10:22]} {[%emt 00:01:46]} Nxh2 {[%clk 01:13:58]} {[%emt 00:01:06]}
64. f6 {[%clk 00:09:59]} {[%emt 00:00:53]} Nf3 {[%clk 01:14:10]} {[%emt
00:00:18]} 65. Be3 {[%clk 00:09:44]} {[%emt 00:00:45]} Kh5 {[%clk 01:12:28]}
{[%emt 00:02:13]} 66. f7 {[%clk 00:09:36]} {[%emt 00:00:38]} Ng5+ {[%clk
01:12:36]} {[%emt 00:00:22]} 67. Bxg5 {[%clk 00:09:49]} {[%emt 00:00:16]} Kxg5
{[%clk 01:13:03]} {[%emt 00:00:03]} 68. f8=Q {[%clk 00:09:45]} {[%emt
00:00:31]} Kh4 {[%clk 01:13:28]} {[%emt 00:00:08]} 69. Qg8 {[%clk 00:08:33]}
{[%emt 00:01:42]} Kh5 {[%clk 01:13:45]} {[%emt 00:00:13]} 70. Kf6 {[%clk
00:08:39]} {[%emt 00:00:25]} Kh4 {[%clk 01:14:06]} {[%emt 00:00:08]} 71. Qg4#
{[%clk 00:08:20]} {[%emt 00:00:17]} 1-0